[Event "Ch Germany (juniors) (Internet) (under 18) (qual3)"]
[Site "masterchessopen.com – Internet"]
[Date "2007.06.10"]
[Round "3"]
[White "Rudolf Sebastian (GER)"]
[Black "Poetsch Hagen (GER)"]
[Result "0-1"]
[WhiteElo "2123"]
[BlackElo "2264"]

1.e4 e6 2.d4 d5 3.Nd2 Be7 4.Ngf3 Nf6 5.e5 Nfd7 6.c3 c5 7.Bd3 Nc6 8.O-O a5
9.Re1 cxd4 10.cxd4 Qb6 11.Qa4 g5 12.Nb3 g4 13.Nfd2 Qc7 14.Nf1 Nb6 15.Qb5 a4
16.Nbd2 Ra5 {#R} 0-1

[Event "Ch Germany (juniors) (Internet) (under 14) (final)"]
[Site "masterchessopen.com – Internet"]
[Date "2007.06.20"]
[Round "3"]
[White "Titgemeyer Sven (GER)"]
[Black "Bashylin Seva (GER)"]
[Result "1-0"]
[WhiteElo "1909"]
[BlackElo "1669"]

1.e4 e6 2.d4 d5 3.Nd2 e5 4.dxe5 dxe4 5.Nxe4 Qxd1+ 6.Kxd1 Nc6 7.Bb5 Bd7 8.Bxc6
Bxc6 9.f3 Bxe4 10.fxe4 O-O-O+ 11.Bd2 Ne7 12.Nf3 Nc6 13.Ke2 Be7 14.Bc3 Bc5
15.Ng5 Rd7 16.Rad1 Rhd8 17.Rxd7 Rxd7 18.Rd1 {#r} 1-0

[Event "It (open)"]
[Site "masterchessopen.com – Dortmund (Germany)"]
[Date "2007.06.24"]
[Round "3"]
[White "Aulich Marcell (GER)"]
[Black "Izrailev A (RUS)"]
[Result "0-1"]
[WhiteElo "1996"]
[BlackElo "2315"]

1.e4 e6 2.d4 d5 3.Nd2 Nc6 4.c3 e5 5.exd5 Qxd5 6.Ngf3 exd4 7.Bc4 Qh5 8.cxd4 Nf6
9.O-O Be6 10.Qb3 O-O-O 11.Bxe6+ fxe6 12.Qxe6+ Kb8 13.Nb3 Bd6 14.h3 Rhf8 15.Bg5
Rde8 16.Qc4 Ne4 17.Be3 Rxf3 18.gxf3 Qxh3 19.Rfe1 Ng5 20.Nd2 Nxd4 21.Qxd4 Bh2+
22.Kh1 Be5+ 23.Kg1 Qh2+ 24.Kf1 {#R} 0-1

[Event "Ch Portugal (team) (1 div)"]
[Site "masterchessopen.com – Evora (Portugal)"]
[Round "0"]
[White "Garrido Dominguez Jesus (ESP)"]
[Black "Romero Holmes Alfonso (ESP)"]
[Result "0-1"]
[WhiteElo "2343"]
[BlackElo "2530"]

1.e4 e6 2.d4 d5 3.Nd2 Ne7 4.Ngf3 Ng6 5.h4 h5 6.g3 c5 7.dxc5 Bxc5 8.Nb3 Bb6
9.exd5 exd5 10.Qe2+ Qe7 11.Qxe7+ Nxe7 12.Nfd4 Nf5 13.Bb5+ Kd8 14.c3 Nxd4
15.Nxd4 Bxd4 16.cxd4 Bg4 17.O-O a6 18.f3 Bh3 19.Bd2 axb5 {#R} 0-1

[Event "It (open) \"]
[Site "masterchessopen.com – Balatonalmadi (Hungary)"]
[Date "2007.08.05"]
[Round "7"]
[White "Kende Matyas (HUN)"]
[Black "Huszar Richard (HUN)"]
[Result "1-0"]
[WhiteElo "1996"]
[BlackElo "2032"]

1.e4 e6 2.d4 d5 3.Nd2 Nc6 4.c3 Nf6 5.e5 Nd7 6.Bd3 Be7 7.Ne2 O-O 8.O-O f6 9.Nf4
Nb6 10.exf6 Rxf6 11.Nf3 Qe8 12.Ne5 Nxe5 13.dxe5 Rf8 14.Qg4 Bd8 15.Nh5 Rf7
16.f4 Kh8 17.Rf3 Qe7 18.Rh3 Nc4 19.b4 c5 20.Bxh7 cxb4 21.Nf6 Rxf6 22.Bg6+ Kg8
23.Rh8+ {#r} 1-0

[Event "It (open) (juniors) (under 20)"]
[Site "masterchessopen.com – Hengelo (Netherlands)"]
[Date "2007.08.06"]
[Round "1"]
[White "Groenendijk Thijs (NED)"]
[Black "Hortensius Nick (NED)"]
[Result "0-1"]
[WhiteElo "1622"]
[BlackElo "1968"]

1.e4 e6 2.d4 d5 3.Nd2 Nc6 4.c3 e5 5.Bb5 exd4 6.cxd4 Bb4 7.Qa4 Qd6 8.Ne2 Bd7
9.O-O Nge7 10.e5 Qg6 11.Nf4 Qh6 12.Nf3 g5 13.Nd3 Ba5 14.Be3 Bb6 15.Rfc1 Rg8
16.Nde1 Nf5 17.Bxg5 Rxg5 18.Nxg5 Qxg5 19.Bxc6 bxc6 20.Nf3 Qf4 21.Qc2 O-O-O
22.a4 Rg8 23.a5 Qxf3 {#R} 0-1

[Event "It (open)"]
[Site "masterchessopen.com – Stare Mesto (Czech Republic)"]
[Date "2007.08.12"]
[Round "4"]
[White "Pesotsky Vitaly (UKR)"]
[Black "Rotoni Matteo (ITA)"]
[Result "1-0"]
[WhiteElo "2384"]
[BlackElo "2069"]

1.e4 e6 2.d4 d5 3.Nd2 Be7 4.e5 c5 5.dxc5 Bxc5 6.Nb3 Bb6 7.Qg4 Kf8 8.Bd3 Nc6
9.Qe2 Bd7 10.Nf3 Nge7 11.c3 h6 12.h4 g6 13.h5 g5 14.Nxg5 hxg5 15.Bxg5 Qe8
16.Bf6 Rh6 17.Qg4 Rxf6 18.exf6 Nf5 19.h6 Ne5 20.Qg7+ {#r} 1-0

[Event "It (open) \"]
[Site "masterchessopen.com – Krasnodar (Russia)"]
[Date "2007.09.22"]
[Round "2"]
[White "Glazkov Arseny (RUS)"]
[Black "Dmitriev Igor (RUS)"]
[Result "0-1"]
[WhiteElo "2044"]
[BlackElo "2401"]

1.e4 e6 2.d4 d5 3.Nd2 g6 4.Ngf3 Bg7 5.e5 c5 6.c3 Nc6 7.Nb3 cxd4 8.cxd4 f6
9.exf6 Nxf6 10.Bd3 O-O 11.O-O Qd6 12.Re1 a5 13.Bg5 a4 14.Nc1 a3 15.bxa3 Ng4
16.Nb3 Nxd4 17.Nbxd4 Bxd4 18.Be3 Bxa1 19.Qxa1 Rxf3 20.gxf3 Qxh2+ 21.Kf1 Nxe3+
22.fxe3 e5 23.Rc1 Bh3+ 24.Ke1 Rxa3 {#R} 0-1

[Event "Zt"]
[Site "masterchessopen.com – Tashkent (Uzbekistan)"]
[Date "2007.10.09"]
[Round "9"]
[White "Kotsur Pavel (KAZ)"]
[Black "Habibulla Fidoii (AFG)"]
[Result "1-0"]
[WhiteElo "2589"]
[BlackElo "2070"]

1.e4 e6 2.d4 d5 3.Nd2 dxe4 4.Nxe4 Nf6 5.Nxf6+ Qxf6 6.Nf3 h6 7.Bd3 Bd6 8.Qe2
Nc6 9.c3 Bd7 10.b4 a6 11.Bb2 Ne7 12.Ne5 Bxe5 13.dxe5 Qg5 14.h4 Qxg2 15.Be4 Bb5
16.Bxg2 Bxe2 17.Kxe2 Ng6 18.Bxb7 Ra7 19.Bc6+ Ke7 20.c4 Rb8 21.Bd4 {#r} 1-0

[Event "It (open)"]
[Site "masterchessopen.com – Villa Martelli (Argentina)"]
[Date "2007.10.10"]
[Round "1"]
[White "Leguizamon Arnaldo (ARG)"]
[Black "Iermito Sebastian (ARG)"]
[Result "0-1"]
[WhiteElo "1974"]
[BlackElo "2334"]

1.e4 e6 2.d4 d5 3.Nd2 Nc6 4.c3 e5 5.exd5 Qxd5 6.Qf3 Qxf3 7.Ngxf3 exd4 8.Bc4
dxc3 9.bxc3 Be7 10.O-O Nf6 11.Re1 O-O 12.Rb1 Bc5 13.h3 Bf5 14.Rb5 b6 15.g4 Bd7
16.Rb1 Rfe8 17.g5 Rxe1+ 18.Nxe1 Nh5 19.Bd5 Nf4 20.Bf3 Nxh3+ 21.Kf1 Nxg5 22.Bh1
Re8 23.Nb3 Bh3+ 24.Bg2 Bxg2+ 25.Nxg2 Ne4 {#R} 0-1

[Event "Ch World (juniors) (under 14)"]
[Site "masterchessopen.com – Kemer (Turkey)"]
[Date "2007.11.24"]
[Round "7"]
[White "Urtnasan Nasanjargal (MGL)"]
[Black "Sipahioglu Irmak (TUR)"]
[Result "1-0"]
[WhiteElo "2163"]
[BlackElo "1955"]

1.e4 e6 2.d4 d5 3.Nd2 h6 4.Bd3 c5 5.exd5 Qxd5 6.Ngf3 Nf6 7.dxc5 Bxc5 8.O-O O-O
9.Nb3 Bb6 10.Bf4 Na6 11.Qe2 Nc5 12.Nxc5 Bxc5 13.Rad1 Qh5 14.Be5 Nh7 15.Qe4 Ng5
16.Nxg5 hxg5 17.Bxg7 Bxf2+ 18.Rxf2 Qxd1+ 19.Rf1 Qxf1+ 20.Kxf1 Kxg7 21.Qh7+ Kf6
22.Qh6+ Ke7 23.Qxg5+ f6 24.Qc5+ Kf7 25.Qc7+ {#r} 1-0

[Event "It (open)"]
[Site "masterchessopen.com – L'Hospitalet de Llobregat (Spain)"]
[Date "2008.01.05"]
[Round "9"]
[White "Rodriguez Martin Manuel (ESP)"]
[Black "Colom Andres Xavier (ESP)"]
[Result "0-1"]
[WhiteElo "1870"]
[BlackElo "1993"]

1.e4 e6 2.d4 d5 3.Nd2 Nc6 4.c3 e5 5.exd5 Qxd5 6.Ngf3 exd4 7.Bc4 Qh5 8.cxd4 Be6
9.Bxe6 fxe6 10.Qb3 O-O-O 11.Qxe6+ Kb8 12.O-O Bd6 13.Qe3 Nf6 14.g3 h6 15.Ne5
Nxe5 16.f3 Nc6 17.Ne4 Nxe4 18.fxe4 Nxd4 {#R} 0-1

[Event "It \"]
[Site "masterchessopen.com – Belgrade (Yugoslavia)"]
[Date "2008.01.22"]
[Round "1"]
[White "Todorovic Goran M (SRB)"]
[Black "Paulic Branko (SRB)"]
[Result "1-0"]
[WhiteElo "2478"]
[BlackElo "2165"]

1.e4 e6 2.d4 d5 3.Nd2 Nh6 4.Bd3 Nc6 5.Ngf3 Be7 6.O-O O-O 7.c3 f6 8.Re1 Nf7
9.exd5 exd5 10.Nf1 g6 11.Qb3 Na5 12.Qc2 Kg7 13.Ne3 b6 14.Nxd5 Bd6 15.Nf4 Bxf4
16.Bxf4 Nd6 17.c4 Nc6 18.Qd2 Nf7 19.d5 Ne7 20.Nd4 Re8 21.Re2 Ng8 22.Rxe8 Qxe8
23.Nb5 Ne5 24.Nxc7 Qd8 25.Bxe5 {#r} 1-0

[Event "Memorial G.Agzamov (open)"]
[Site "masterchessopen.com – Tashkent (Uzbekistan)"]
[Date "2008.03.28"]
[Round "9"]
[White "Nuretdinov Igor (TJK)"]
[Black "Kayumov Sergey (UZB)"]
[Result "0-1"]
[WhiteElo "2174"]
[BlackElo "2457"]

1.e4 e6 2.d4 d5 3.Nd2 Be7 4.e5 c5 5.Ngf3 Nc6 6.dxc5 Bxc5 7.Nb3 Bb6 8.Bd3 f6
9.exf6 Nxf6 10.Qe2 O-O 11.O-O Qd6 12.c4 dxc4 13.Bxc4 Ng4 14.g3 Kh8 15.Nbd2
Nce5 16.b3 Nxf3+ 17.Nxf3 Bd7 18.Bf4 Rxf4 19.Rad1 Qf8 20.gxf4 Bc6 21.Rd6 {#R}
0-1

[Event "Ch Croatia (team) (3rd league)"]
[Site "masterchessopen.com – Zagreb (Croatia)"]
[Date "2008.03.30"]
[Round "1"]
[White "Videkovic Marina (CRO)"]
[Black "Okrosa Marijan (CRO)"]
[Result "0-1"]
[WhiteElo "1955"]
[BlackElo "2068"]

1.d4 e6 2.e4 d5 3.Nd2 Nc6 4.c3 dxe4 5.Nxe4 Qd5 6.Qe2 e5 7.dxe5 Be6 8.Bg5 Be7
9.f4 O-O-O 10.Rd1 Qxa2 11.Rxd8+ Nxd8 12.Bxe7 Nxe7 13.Nc5 Bd5 14.Nf3 Qa5 15.Nd3
Ne6 16.g3 Rd8 17.Kf2 Bc4 18.Qc2 Qb6+ 19.Kg2 Nf5 {#R} 0-1

[Event "Bayern Regionalliga Southwest 2007/08"]
[Site "masterchessopen.com – Bayern (Germany)"]
[Date "2008.04.06"]
[Round "8"]
[White "Pleyer Felix (GER)"]
[Black "Urankar Hans-Peter (GER)"]
[Result "1-0"]
[WhiteElo "2147"]
[BlackElo "2250"]

1.e4 e6 2.d4 d5 3.Nd2 Be7 4.e5 c5 5.c3 Nc6 6.Bb5 Qb6 7.Bxc6+ bxc6 8.Qg4 g6
9.Nb3 h5 10.Qd1 cxd4 11.Nxd4 Rb8 12.Nge2 c5 13.Nf3 Ba6 14.O-O Nh6 15.Re1 h4
16.h3 Nf5 17.Qa4+ Bb5 18.Qg4 Qa6 19.Ng5 Rh5 20.Nxe6 Bxe2 21.Nc7+ Kd7 22.Nxa6
Bxg4 23.Nxb8+ {#r} 1-0

[Event "Ch Germany (juniors) (Internet) (under 14) (qual1)"]
[Site "masterchessopen.com – Internet"]
[Date "2008.06.01"]
[Round "7"]
[White "Engesser Jonas"]
[Black "Schaefer Ann-Katrin (GER)"]
[Result "0-1"]
[WhiteElo "1202"]
[BlackElo "1673"]

1.e4 e6 2.d4 d5 3.Nd2 Nc6 4.Ngf3 Nge7 5.Bb5 f5 6.exf5 Nxf5 7.Nb3 Bd7 8.Bf4 Be7
9.O-O O-O 10.Qe2 Nfxd4 11.Nbxd4 Rxf4 12.Nxc6 Bxc6 13.Bxc6 bxc6 14.Qe5 Rf6
15.Qc3 Qd6 16.Qd3 Raf8 17.Ng5 Rh6 18.Nf3 Rxf3 {#R} 0-1

[Event "Ch City (open)"]
[Site "masterchessopen.com – Frankfurt (Germany)"]
[Date "2008.06.02"]
[Round "5"]
[White "Enders Georg (GER)"]
[Black "Petri Igor"]
[Result "1-0"]
[WhiteElo "2011"]
[BlackElo "1724"]

1.e4 e6 2.d4 d5 3.Nd2 h6 4.Ngf3 Nf6 5.e5 Nfd7 6.Bd3 c5 7.c3 Nc6 8.O-O g5 9.h3
h5 10.g4 hxg4 11.hxg4 Bg7 12.Kg2 Bxe5 13.dxe5 Ndxe5 14.Nxe5 Nxe5 15.Be2 Qd6
16.Rh1 Rg8 17.Rh6 Bd7 18.Ne4 Qf8 19.Nf6+ Ke7 20.Nxg8+ Qxg8 21.Rh5 f6 22.Be3 b6
23.Qc2 Bc6 24.Qh7+ Kd6 25.Kg3 {#r} 1-0

[Event "It (open) \"]
[Site "masterchessopen.com – Szklarska Poreba (Poland)"]
[Date "2008.06.26"]
[Round "7"]
[White "Goluch Piotr (POL)"]
[Black "Kmiecik Wojciech (POL)"]
[Result "1-0"]
[WhiteElo "2055"]
[BlackElo "1973"]

1.e4 e6 2.d4 d5 3.Nd2 Nh6 4.Ngf3 f5 5.exd5 exd5 6.Ne5 Qf6 7.Ndf3 f4 8.c4 Bb4+
9.Bd2 Bxd2+ 10.Qxd2 O-O 11.cxd5 c5 12.dxc5 Re8 13.O-O-O Nd7 14.Nxd7 Bxd7
15.Kb1 a5 16.Qd4 Qxd4 17.Nxd4 Rac8 18.c6 bxc6 19.dxc6 Bxc6 20.Nxc6 {#r} 1-0

[Event "It (open)"]
[Site "masterchessopen.com – Gorges (France)"]
[Round "3"]
[White "Mercier Jean-Loup (FRA)"]
[Black "Fermen Guy (FRA)"]
[Result "1-0"]
[WhiteElo "1924"]
[BlackElo "1637"]

1.e4 e6 2.d4 d5 3.Nd2 b6 4.Ngf3 Ba6 5.Bxa6 Nxa6 6.c3 Qd7 7.O-O Ne7 8.Ne5 Qc8
9.Qa4+ c6 10.exd5 exd5 11.Re1 Nb8 12.Qd1 Nd7 13.Ndf3 Nf6 14.Ng5 Qc7 15.Qf3
{#r} 1-0

[Event "Ch Slovenia (qual)"]
[Site "masterchessopen.com – Sentjur (Slovenia)"]
[Date "2008.07.06"]
[Round "6"]
[White "Skrinjar Matic (SLO)"]
[Black "Urbanc Suzana (SLO)"]
[Result "1-0"]
[WhiteElo "1874"]
[BlackElo "1684"]

1.e4 e6 2.d4 d5 3.Nd2 Ne7 4.Ngf3 Ng6 5.exd5 exd5 6.Nb3 Be7 7.Bd3 O-O 8.Be3 Nc6
9.Qd2 Bg4 10.O-O-O f5 11.Bg5 Bxg5 12.Nxg5 f4 13.Nf3 a5 14.Rde1 Qf6 15.Bxg6
Qxg6 16.Ne5 Bf5 17.a3 a4 18.Nc5 Nxe5 19.Rxe5 Qc6 20.Rhe1 b6 21.Ne6 Qc4 22.Nxf8
Qa2 23.Qb4 c5 24.Qxb6 cxd4 25.Ng6 Be4 {#r} 1-0

[Event "Tournament (swiss)"]
[Site "masterchessopen.com – Ogrodniczki (Poland)"]
[Date "2008.07.21"]
[Round "5"]
[White "Czech Jan (POL)"]
[Black "Sarnowski Ryszard (POL)"]
[Result "1-0"]
[WhiteElo "1929"]
[BlackElo "1533"]

1.e4 e6 2.d4 d5 3.Nd2 Be7 4.Ngf3 a6 5.c3 c5 6.exd5 exd5 7.dxc5 Bxc5 8.Nb3 Ba7
9.Be2 Nc6 10.O-O h6 11.Nbd4 Nf6 12.h3 O-O 13.Be3 Bb8 14.Bd3 Ne4 15.Nxc6 bxc6
16.Qa4 Qc7 17.Bxe4 dxe4 18.Qxe4 Kh8 19.Qh4 Bb7 20.Bd4 Kh7 21.Rfe1 c5 22.Re7
{#r} 1-0

[Event "Ch Spain (juniors) (under 16)"]
[Site "masterchessopen.com – Padrun (Spain)"]
[Date "2008.07.21"]
[Round "3"]
[White "Cobos Ceballos Cristofer (ESP)"]
[Black "Garcia Gil Bernardino (ESP)"]
[Result "0-1"]
[WhiteElo "1778"]
[BlackElo "2050"]

1.e4 e6 2.d4 d5 3.Nd2 Be7 4.Bd3 c5 5.c3 Nc6 6.Ne2 cxd4 7.cxd4 dxe4 8.Nxe4 Nf6
9.O-O O-O 10.Bf4 Nxd4 11.Nxd4 Qxd4 12.Be3 Qxb2 13.Rb1 Qe5 14.f4 Qc7 15.Rc1 Qd8
16.Nxf6+ Bxf6 17.Qc2 g6 18.Rfd1 Bd4 19.Bf2 e5 20.fxe5 Bg4 21.Re1 Rc8 22.Qb3
Bxf2+ 23.Kxf2 Rxc1 24.Rxc1 Qd4+ 25.Kg3 Qe3+ {#R} 0-1

[Event "It (open) \"]
[Site "masterchessopen.com – Helsingor (Denmark)"]
[Date "2008.07.22"]
[Round "6"]
[White "Petkidis Anthony (GER)"]
[Black "Johansen Stian (NOR)"]
[Result "1-0"]
[WhiteElo "2076"]
[BlackElo "1897"]

1.e4 e6 2.d4 d5 3.Nd2 h6 4.Ngf3 Nf6 5.Bd3 b6 6.c3 Bb7 7.e5 Nfd7 8.Qe2 c5 9.b3
Nc6 10.a3 Be7 11.O-O O-O 12.Bb2 cxd4 13.cxd4 Re8 14.Ne1 a6 15.f4 g6 16.Qg4 Kh7
17.f5 exf5 18.Rxf5 Ndxe5 19.Rxf7+ Kg8 20.dxe5 Bc5+ 21.Kh1 Kxf7 22.Qxg6+ Ke7
23.Qh7+ Ke6 24.Bf5# 1-0

[Event "It (open)"]
[Site "masterchessopen.com – Tabor (Czech Republic)"]
[Date "2008.08.02"]
[Round "8"]
[White "Janda Pavel (CZE)"]
[Black "Valek Tomas (CZE)"]
[Result "1-0"]
[WhiteElo "2071"]
[BlackElo "1813"]

1.e4 e6 2.d4 d5 3.Nd2 Be7 4.Bd3 c5 5.dxc5 Nf6 6.Qe2 Nc6 7.c3 d4 8.Nb3 dxc3
9.bxc3 O-O 10.Nf3 Bxc5 11.Nxc5 Qa5 12.Nb3 Qxc3+ 13.Bd2 Qb2 14.O-O Ne5 15.Nxe5
Qxe5 16.Rac1 Bd7 17.f4 Qb8 18.e5 Nd5 19.Nd4 a6 20.Nf3 Bc6 21.Bxh7+ Kxh7
22.Ng5+ Kg6 23.Qe4+ f5 24.exf6+ Kxf6 25.Qxe6# 1-0

[Event "It (open)"]
[Site "masterchessopen.com – Sao Paulo (Brazil)"]
[Date "2008.08.23"]
[Round "1"]
[White "Terao Juliana Sayumi (BRA)"]
[Black "Bastos E Santos Edson (BRA)"]
[Result "1-0"]
[WhiteElo "2143"]
[BlackElo "1803"]

1.e4 e6 2.d4 d5 3.Nd2 Ne7 4.Bd3 Ng6 5.Ndf3 Be7 6.c3 O-O 7.Be3 b6 8.exd5 exd5
9.h3 Ba6 10.Bc2 Nd7 11.Ne2 Nh4 12.Nf4 g6 13.g3 Nxf3+ 14.Qxf3 c6 15.h4 Nf6
16.h5 Bc8 17.hxg6 hxg6 18.Qg2 Kg7 19.O-O-O Bg4 20.f3 Bd7 21.g4 Qc7 22.g5 Nh7
23.Qh2 Rh8 24.Nh5+ {#r} 1-0

[Event "It (open)"]
[Site "masterchessopen.com – Sao Paulo (Brazil)"]
[Date "2008.08.27"]
[Round "5"]
[White "Awoki Daniel Teidi (BRA)"]
[Black "Moreira Altair Carlos Faria (BRA)"]
[Result "1-0"]
[WhiteElo "1915"]
[BlackElo "1792"]

1.e4 e6 2.d4 d5 3.Nd2 Nc6 4.c3 Nf6 5.e5 Nd7 6.Bd3 b6 7.Ne2 Bb7 8.O-O f6 9.exf6
Qxf6 10.Nf3 h6 11.Nf4 O-O-O 12.Re1 e5 13.Ng6 Rg8 14.dxe5 Qe6 15.Qc2 Ne7 16.Nd4
Qg4 17.f3 Qh5 18.Nf4 Qe8 19.Nfe6 g5 20.Nb5 Qh5 21.Nxa7+ Kb8 22.Nxd8 g4 23.f4
Nc5 24.Bh7 Rg7 25.Nxb7 {#r} 1-0

[Event "Ch Hungary (KO-system) (w)"]
[Site "masterchessopen.com – Visegrad (Hungary)"]
[Date "2008.08.29"]
[Round "4"]
[White "Schneider Veronika (HUN)"]
[Black "Rudolf Anna (HUN)"]
[Result "0-1"]
[WhiteElo "2315"]
[BlackElo "2318"]

1.e4 e6 2.d4 d5 3.Nd2 Be7 4.Ngf3 Nf6 5.e5 Nfd7 6.Bd3 c5 7.c3 Nc6 8.O-O a5
9.Re1 g5 10.h3 h5 11.a4 cxd4 12.cxd4 g4 13.hxg4 hxg4 14.Nh2 g3 15.fxg3 Nxd4
16.Ndf3 Bc5 17.Be3 Qb6 18.Nxd4 Bxd4 19.Bxd4 Qxd4+ 20.Kh1 Ke7 21.Qe2 Nc5 22.Bc2
Bd7 23.b3 Rxh2+ {#R} 0-1

[Event "Cup Cheliabinsk"]
[Site "masterchessopen.com – Cheliabinsk (Russia)"]
[Date "2008.09.03"]
[Round "2"]
[White "Lefebr Vladislav (RUS)"]
[Black "Gerasimov Nikolay P (RUS)"]
[Result "1-0"]
[WhiteElo "2071"]
[BlackElo "2122"]

1.e4 e6 2.d4 d5 3.Nd2 Nc6 4.Ngf3 dxe4 5.Nxe4 Nf6 6.Nxf6+ Qxf6 7.Bd3 Qd8 8.O-O
Nxd4 9.Nxd4 Qxd4 10.Bb5+ c6 11.Qxd4 cxb5 12.Bg5 f6 13.Bf4 Be7 14.Bd6 Bd7
15.Bxe7 Kxe7 16.Rad1 Rhd8 17.Qd6+ Kf7 18.Rfe1 e5 19.Qc7 Ke7 20.Qxb7 a5 {#r}
1-0

[Event "NRW-liga 2008/09"]
[Site "masterchessopen.com – Germany"]
[Date "2008.10.12"]
[Round "2"]
[White "Coenen Norbert (GER)"]
[Black "Tereick Benjamin (GER)"]
[Result "1-0"]
[WhiteElo "2357"]
[BlackElo "2356"]

1.e4 e6 2.d4 d5 3.Nd2 Be7 4.Bd3 c5 5.dxc5 Nd7 6.exd5 exd5 7.Nb3 Nxc5 8.Nxc5
Bxc5 9.Nf3 Ne7 10.O-O O-O 11.c3 Nf5 12.Bf4 a5 13.Qc2 g6 14.Rad1 Qb6 15.Qd2 Nd6
16.Be5 f6 17.Bd4 Be6 18.Qe3 Bxd4 19.Qxe6+ {#r} 1-0

[Event "Czech League 2008/09 (krajsky prebor)"]
[Site "masterchessopen.com – Czech Republic"]
[Date "2008.11.02"]
[Round "2"]
[White "Kolomaznikova Barbora (CZE)"]
[Black "Burdik Miloslav"]
[Result "1-0"]
[WhiteElo "1880"]
[BlackElo "1832"]

1.e4 e6 2.d4 d5 3.Nd2 b6 4.c3 dxe4 5.Nxe4 Bb7 6.Ng3 Nf6 7.Nf3 Nbd7 8.Bd3 c5
9.O-O Be7 10.Be3 O-O 11.Qc2 Bxf3 12.gxf3 h6 13.Kh1 cxd4 14.Bxd4 Bc5 15.Bxc5
Nxc5 16.Be4 Ncxe4 17.Nxe4 Nd5 18.Rad1 Qh4 19.Rg1 f5 20.Ng3 Qf4 21.Qe2 Qd6
22.c4 Nf4 23.Rxd6 Nxe2 24.Nxe2 {#r} 1-0

[Event "It (cat.10)"]
[Site "masterchessopen.com – Pamplona (Spain)"]
[Round "5"]
[White "Narayanan Srinath (IND)"]
[Black "Herraiz Hidalgo Herminio (ESP)"]
[Result "0-1"]
[WhiteElo "2412"]
[BlackElo "2513"]

1.e4 e6 2.d4 d5 3.Nd2 Be7 4.Ngf3 Nf6 5.e5 Nfd7 6.Bd3 c5 7.c3 b6 8.Qe2 a5 9.Ba6
c4 10.Qd3 Nc5 11.Qe2 Nb3 12.Nxb3 Bc5 13.Be3 f6 14.Qxc4 h6 15.h3 Bd6 16.Qxc8
Kf7 17.Qc7+ Kg6 18.Kd2 {#R} 0-1

[Event "Ch Colombia"]
[Site "masterchessopen.com – San Andres Islas (Colombia)"]
[Date "2008.12.01"]
[Round "2"]
[White "Casas Jose Fernando (COL)"]
[Black "Diaz Ricardo (COL)"]
[Result "0-1"]
[WhiteElo "1889"]
[BlackElo "2281"]

1.e4 e6 2.d4 d5 3.Nd2 a6 4.Ngf3 Nf6 5.Bd3 c5 6.exd5 exd5 7.dxc5 Bxc5 8.O-O O-O
9.Nb3 Bb6 10.Bg5 Nc6 11.h3 h6 12.Bd2 Qd6 13.Re1 Bd7 14.c3 Bxh3 15.gxh3 Qg3+
16.Kh1 Qxh3+ 17.Kg1 Bxf2+ {#R} 0-1

[Event "Ch Udmurtia"]
[Site "masterchessopen.com – Izhevsk (Russia)"]
[Date "2008.12.18"]
[Round "8"]
[White "Gainullin Yakov (RUS)"]
[Black "Nesterov Alexander (RUS)"]
[Result "0-1"]
[WhiteElo "2017"]
[BlackElo "2366"]

1.e4 e6 2.d4 d5 3.Nd2 Be7 4.c3 c5 5.exd5 Qxd5 6.Ngf3 cxd4 7.Nxd4 Bd7 8.Bd3 Nf6
9.N2f3 e5 10.c4 Qa5+ 11.Bd2 Qb6 12.Nf5 e4 13.Nxg7+ Kf8 14.Bh6 Ng4 15.Ne6+ Ke8
16.Ng7+ Kd8 17.O-O exf3 18.Bf4 fxg2 19.Kxg2 Rg8 20.Bxb8 Rxb8 21.Bf5 Ne5
22.Bxd7 Nxd7 23.Qg4 Qg6 {#R} 0-1

[Event "Ch Slovenia (team) (1 liga)"]
[Site "masterchessopen.com – Celje (Slovenia)"]
[Date "2008.12.19"]
[Round "6"]
[White "Zugaj Fjodor (SLO)"]
[Black "Plesec Damjan (SLO)"]
[Result "1-0"]
[WhiteElo "2197"]
[BlackElo "2317"]

1.e4 e6 2.d4 d5 3.Nd2 Ne7 4.Ngf3 Nd7 5.Bd3 c5 6.exd5 Nxd5 7.Nb3 Qc7 8.Qe2 a6
9.c4 Nf4 10.Bxf4 Qxf4 11.d5 e5 12.O-O Bd6 13.Nfd2 Qf6 14.f4 O-O 15.Ne4 Qe7
16.Rae1 exf4 17.Qh5 g6 18.Qh6 Ne5 19.Nxd6 Qxd6 20.Qxf4 f6 21.Nd2 Qb6 22.Rxe5
Qxb2 23.Re7 {#r} 1-0

[Event "Czech League 2008/09 (2nd) (f)"]
[Site "masterchessopen.com – Czech Republic"]
[Date "2008.12.20"]
[Round "5"]
[White "Hnilo Jiri (CZE)"]
[Black "Caletka Radomir (CZE)"]
[Result "0-1"]
[WhiteElo "2121"]
[BlackElo "2215"]

1.e4 e6 2.d4 d5 3.Nd2 Be7 4.Ngf3 Nf6 5.exd5 exd5 6.Be2 O-O 7.O-O Nc6 8.b3 Bf5
9.Bb2 Re8 10.Ne5 Bd6 11.Ndf3 Nd7 12.Nxc6 bxc6 13.c4 Qf6 14.cxd5 cxd5 15.Bb5
Rab8 16.Bxd7 Bxd7 17.Ne5 Be6 18.Re1 Qh4 19.Qd3 f6 20.Nf3 Qh5 21.Re3 Bf5 22.Qd1
Rxe3 23.fxe3 Re8 24.Bc1 Be4 25.h3 Qg6 {#R} 0-1

[Event "Ch France (team) (nat.1) 2008/09"]
[Site "masterchessopen.com – France"]
[Date "2009.03.15"]
[Round "9"]
[White "Tranchant Sebastien (FRA)"]
[Black "Levasseur Philippe (FRA)"]
[Result "0-1"]
[WhiteElo "2244"]
[BlackElo "2205"]

1.e4 e6 2.d4 d5 3.Nd2 Be7 4.Ngf3 Nf6 5.e5 Nfd7 6.c3 c5 7.Bd3 Nc6 8.O-O a5
9.Re1 cxd4 10.cxd4 Qb6 11.Nb1 Nxd4 12.Nxd4 Qxd4 13.Nc3 Qb6 14.Qg4 g6 15.Bh6
Nc5 16.Bf1 Bd7 17.Rab1 Qb4 18.Qf3 Bc6 19.a3 Qb3 20.Red1 d4 21.Qh3 dxc3 22.bxc3
Qc2 23.Bg7 Rf8 {#R} 0-1

[Event "Tournament \"]
[Site "masterchessopen.com – Madrid (Spain)"]
[Date "2009.03.24"]
[Round "7"]
[White "Vargas Huamani Juan C (PER)"]
[Black "Alonso Abad Enrique (ESP)"]
[Result "0-1"]
[WhiteElo "1967"]
[BlackElo "1994"]

1.e4 e6 2.d4 d5 3.Nd2 Be7 4.Ngf3 Nf6 5.e5 Nfd7 6.Bd3 c5 7.c3 Nc6 8.O-O Qb6
9.dxc5 Bxc5 10.Qe2 f6 11.exf6 Nxf6 12.Nb3 Bd6 13.Nfd4 Nxd4 14.Nxd4 O-O 15.Re1
e5 16.Nb5 Ng4 17.Be3 Bc5 18.Bxc5 Qxc5 19.Rf1 Bd7 20.Na3 e4 21.Bc2 Qd6 22.g3
Ne5 23.Qh5 Bg4 24.Nb5 Qb8 25.Qh4 Nf3+ {#R} 0-1